| 000 | 00500nam a22001697a 4500 | ||
|---|---|---|---|
| 999 |
_c8984 _d8984 |
||
| 003 | GBCCL | ||
| 005 | 20241126110702.0 | ||
| 008 | 220211b ||||| |||| 00| 0 eng d | ||
| 040 | _cgbc | ||
| 082 |
_a246 _bHAO |
||
| 100 |
_aHaokip, Lhunkhohao _915705 |
||
| 245 | _aThe importance of Agape Christian museum centre in the context of Christian witness in Manipur | ||
| 260 |
_aChurachandpur : _bLhunkhohao Haokip, _c2001 |
||
| 300 | _a128p, ; | ||
| 650 |
_aChristian museum _915706 |
||
| 942 |
_2ddc _cBK |
||